Good news for modern man: (Record no. 31346)

000 -LEADER
fixed length control field 00557nam a2200157 4500
008 - FIXED-LENGTH DATA ELEMENTS--GENERAL INFORMATION
fixed length control field 220302b |||||||| |||| 00| 0 eng d
050 ## - LIBRARY OF CONGRESS CALL NUMBER
Classification number BS 2095,
Item number .A44 1974
110 ## - MAIN ENTRY--CORPORATE NAME
Corporate name or jurisdiction name as entry element American Bible Society
245 ## - TITLE STATEMENT
Title Good news for modern man:
Remainder of title Today's English version New Testament in color/
250 ## - EDITION STATEMENT
Edition statement Third Edition
260 ## - PUBLICATION, DISTRIBUTION, ETC. (IMPRINT)
Place of publication, distribution, etc. [New York:
Name of publisher, distributor, etc. American Bible Society,
Date of publication, distribution, etc. 1974.
300 ## - PHYSICAL DESCRIPTION
Extent vi, 428 p. :
Other physical details ill.;
Dimensions 27 cm.
500 ## - GENERAL NOTE
General note Includes index
650 ## - SUBJECT ADDED ENTRY--TOPICAL TERM
Topical term or geographic name as entry element Bible. -- New Testament.
942 ## - ADDED ENTRY ELEMENTS (KOHA)
Source of classification or shelving scheme
Koha item type Reference Material
Classification part BS 2095, .A44 1974
Holdings
Withdrawn status Lost status Source of classification or shelving scheme Damaged status Not for loan Home library Current library Shelving location Date acquired Source of acquisition Cost, normal purchase price Full call number Barcode Date last seen Price effective from Koha item type
      Damaged   MACHAKOS UNIVERSITY LIBRARY MACHAKOS UNIVERSITY LIBRARY Reference 02/03/2022 Donation- Damaris Kimanzi 1891.00 BS 2095, .A44 1974 39096 22/07/2024 02/03/2022 Reference Material
© Machakos University Library, Along The Highway, Machakos Wote Rd, Machakos, Kenya P.O. Box 136 - 90100 Machakos - Kenya

Tel: ( +254 ) 723 805829 OR Fax : 044-20353 OR Email: library@mksu.ac.ke